10 años de la Declaración de Cartagena sobre refugiados

Guardat en:
Dades bibliogràfiques
Autor corporatiu: ACNUR
Format: Text
Publicat: San José: IIDH. ACNUR
Etiquetes: Afegir etiqueta
Sense etiquetes, Sigues el primer a etiquetar aquest registre!

MARC

LEADER 00000 a a2200000 04500
001 24766
003
040
090 |a 177300  
110 |a ACNUR  
245 |a 10 años de la Declaración de Cartagena sobre refugiados  
260 |a San José:   |b IIDH. ACNUR  
300 |a 477 p.  
999 |c 6098  |d 6098